Integrated model of channels of power supplies of a stationary plasma engine; Bulletin of the Tomsk Polytechnic University; Vol. 309, № 4

Detalles Bibliográficos
Parent link:Bulletin of the Tomsk Polytechnic University/ Tomsk Polytechnic University (TPU).— , 2006-2007
Vol. 309, № 4.— 2006.— [P. 137-139]
Autor principal: Mihajlov M. V.
Otros Autores: Kazantsev Ju. M.
Sumario:Заглавие с титульного листа
Электронная версия печатной публикации
The integrated model of power supply channels of a stationary plasma engine, including models of the solar battery, the anode - cathode discharge channel and systems of power supplies is investigated. The algorithm of functioning of model and the diagrams of current and voltage of discharge for various engine work modes is shown. With the help of the obtained diagrams the greatest overregulation in system with four closed feedback is determined and on the basis of «the filter hypothesis» the conclusion about its stability is made. The proposed model allows to simulate all operating modes of power supplies system, and also to model various variants of start of the engine and work of various types of thermochokes.
Lenguaje:inglés
Publicado: 2006
Colección:Technical sciences
Materias:
Acceso en línea:http://www.lib.tpu.ru/fulltext/v/Bulletin_TPU/2006/v309eng/i4/34.pdf
Formato: Electrónico Capítulo de libro
KOHA link:https://koha.lib.tpu.ru/cgi-bin/koha/opac-detail.pl?biblionumber=180075

MARC

LEADER 00000nla2a2200000 4500
001 180075
005 20231031170634.0
035 |a (RuTPU)RU\TPU\book\195210 
035 |a RU\TPU\book\195205 
090 |a 180075 
100 |a 20100506d2006 k y0rusy50 ca 
101 1 |a eng  |c rus 
102 |a RU 
135 |a drnn ---uucaa 
200 1 |a Integrated model of channels of power supplies of a stationary plasma engine  |b Electronic resource  |f M. V. Mihajlov, Ju. M. Kazantsev 
203 |a Text  |c electronic 
215 |a 1 файл (425 Кб) 
225 1 |a Technical sciences 
230 |a Электронные текстовые данные (1 файл : 425 Кб) 
300 |a Заглавие с титульного листа 
300 |a Электронная версия печатной публикации 
320 |a [Bibliography: p. 139 (3 titles)] 
330 |a The integrated model of power supply channels of a stationary plasma engine, including models of the solar battery, the anode - cathode discharge channel and systems of power supplies is investigated. The algorithm of functioning of model and the diagrams of current and voltage of discharge for various engine work modes is shown. With the help of the obtained diagrams the greatest overregulation in system with four closed feedback is determined and on the basis of «the filter hypothesis» the conclusion about its stability is made. The proposed model allows to simulate all operating modes of power supplies system, and also to model various variants of start of the engine and work of various types of thermochokes. 
337 |a Adobe Reader 
461 1 |0 (RuTPU)RU\TPU\book\169973  |t Bulletin of the Tomsk Polytechnic University  |f Tomsk Polytechnic University (TPU)  |d 2006-2007 
463 1 |0 (RuTPU)RU\TPU\book\189726  |t Vol. 309, № 4  |v [P. 137-139]  |d 2006  |p 163 p. 
610 1 |a integrated models 
610 1 |a channels 
610 1 |a power supplies 
610 1 |a plasma engine 
610 1 |a stationary engine 
610 1 |a solar batteries 
610 1 |a anode 
610 1 |a cathode 
610 1 |a systems of power supplies 
610 1 |a algorithm 
610 1 |a functioning 
610 1 |a diagrams 
610 1 |a current 
610 1 |a voltage 
610 1 |a discharge 
610 1 |a work modes 
610 1 |a engine 
610 1 |a overregulation 
610 1 |a feedback 
610 1 |a hypothesis 
610 1 |a filters 
610 1 |a stability 
610 1 |a thermochokes 
610 1 |a электронный ресурс 
675 |a 629.78.01  |v 3 
700 1 |a Mihajlov  |b M. V. 
701 1 |a Kazantsev  |b Ju. M. 
801 1 |a RU  |b 63413507  |c 20090623  |g PSBO 
801 2 |a RU  |b 63413507  |c 20110331  |g PSBO 
856 4 |u http://www.lib.tpu.ru/fulltext/v/Bulletin_TPU/2006/v309eng/i4/34.pdf 
942 |c CF